Código de Procedimiento Civil. Citas de jurisprudencia. Anotaciones y concordancias. Índice temático.

Salvato in:
Dettagli Bibliografici
Ente Autore: Chile
Altri autori: Cortez Matcovich, Gonzalo, Ríos García, Alejandra
Natura: Libro
Lingua:spagnolo
Pubblicazione: Santiago, Chile: Lexis Nexis, 2008
Edizione:Octava Edición.
Soggetti:
Tags: Aggiungi Tag
Nessun Tag, puoi essere il primo ad aggiungerne!!

MARC

LEADER 00000nam a2200000 a 4500
001 UCI9447
003 CL-VaPUC
005 20250416110211.0
008 081120e20080000CL |||||||||||||||||spa|d
999 |c 331983  |d 331981 
020 |a 9562384497 
040 |c Pontificia Universidad Católica de Valparaíso 
082 0 4 |a 347.83 CHI 2008  |2 21 
110 1 |a Chile  |9 890760 
245 1 0 |a Código de Procedimiento Civil.  |b Citas de jurisprudencia. Anotaciones y concordancias. Índice temático. 
250 |a Octava Edición.  |b Actualizada al 28 de enero de 2008. 
260 |a Santiago, Chile:  |b Lexis Nexis,  |c 2008 
300 |a 393 páginas 
505 |a Mensaje del Código de Procedimiento Civil. Mensaje sobre modificaciones a este Código. Decreto N.º 1.107, del Ministerio de Justicia, que aprueba el texto del Código. Ley N.º 1.552. Aprueba Código de Procedimiento Civil. -Libro Primero. Disposiciones Comunes a Todo Procedimiento. -Libro Segundo. Del Juicio Ordinario. -Libro Tercero. De los Juicios Especiales. -Libro Cuarto. De los Actos Judiciales No Contenciosos. Apéndice: -Ley N.º 18.120. Establece normas sobre Comparecencia en Juicio y modifica los artículos 4° del Código de Procedimiento Civil y 523 del Código Orgánico de Tribunales. (D.O. de 18 de mayo de 1982) -Ley N.º 14.908. Sobre Abandono de Familia y Pago de Pensiones Alimenticias. (D.O. de 30 de mayo de 2000) -Ley N.º 16.271. Ley de Impuesto a las Herencias, Asignaciones y Donaciones. (D.O. de 30 de mayo de 2000) -Ley N.º 20.066. Establece Ley de Violencia Intrafamiliar. (D.O. de 7 de octubre de 2005) 
583 |a last modification  |c 20081120 00:00:00  |k Rodrigo Vera 
650 1 |a Derecho civil chileno  |9 320612 
650 1 |a Procedimiento civil   |z Chile  |9 890903 
650 1 0 |a Código civil chileno  |9 255931 
650 1 |a Juicio ordinario  |9 254867 
650 1 |a Juicios especiales   |9 348378 
650 1 |a Actos judiciales no contenciosos  |9 391844 
700 |a Cortez Matcovich, Gonzalo  |9 861329 
700 |a  Ríos García, Alejandra  |9 890917 
942 |c BK  |2 ddc 
945 |d 20081120 00:00:00  |a rbrito 
952 |0 0  |1 0  |4 0  |6 347_830000000000000_CHI_2008  |7 0  |8 R  |9 419292  |a BIBDER  |b BIBDER  |d 2019-11-22  |i 4499018  |o 347.83 CHI 2008  |p 4499018  |r 2023-01-25  |w 2019-11-22  |y BK_R  |k DER